| 000 | 00956nam a22002657a 4500 | ||
|---|---|---|---|
| 005 | 20240530110353.0 | ||
| 008 | 141228s2010 ua g b 000 0 ara d | ||
| 017 |
_a19469 _bمصر . دار الكتب المصرية |
||
| 020 | _a9770526355 | ||
| 040 | _aEG-CaGPL | ||
| 041 | 0 | _aara | |
| 082 | 0 | 4 |
_221 _a101\ _bع ق |
| 100 | 0 | _aعبدالجليل كاظم الوالى | |
| 245 | 1 | 0 |
_aقراءات جديدة فى قضايا فلسفية / _cعبدالجليل كاظم الوالى |
| 250 | _aط 1 | ||
| 260 |
_aالقاهرة : _bمكتبة الانجلو المصرية ، _c2010 |
||
| 300 |
_a192 ص ؛ _c24 سم |
||
| 504 | _aيشتمل على ارجاعات ببليوجرافية | ||
| 650 | 0 | 4 | _aالفلاسفة المسلمون |
| 650 | 0 | 4 |
_aالديمقراطية _zاثينا |
| 650 | 0 | 4 | _aفلسفة ارسطو |
| 650 | 0 | 4 | _aالفلسفة الاسلامية |
| 942 |
_2ddc _cBK |
||
| 999 |
_c60109 _d60109 |
||